Slow loris vs. koala / (Record no. 414224)
[ view plain ]
| 000 -LEADER | |
|---|---|
| fixed length control field | 01893nam a2200361 i 4500 |
| 001 - CONTROL NUMBER | |
| control field | 1147924984 |
| 005 - DATE AND TIME OF LATEST TRANSACTION | |
| control field | 20251211181402.0 |
| 008 - FIXED-LENGTH DATA ELEMENTS--GENERAL INFORMATION | |
| fixed length control field | 220707s2022 mnua j b 001 0 eng |
| 020 ## - INTERNATIONAL STANDARD BOOK NUMBER | |
| International Standard Book Number | 1623107334 |
| 020 ## - INTERNATIONAL STANDARD BOOK NUMBER | |
| International Standard Book Number | 9781623107338 |
| 035 ## - SYSTEM CONTROL NUMBER | |
| System control number | (OCoLC)1147924984 |
| 035 ## - SYSTEM CONTROL NUMBER | |
| System control number | (IlCrPQL)2272329 |
| 040 ## - CATALOGING SOURCE | |
| Language of cataloging | eng |
| Description conventions | rda |
| Transcribing agency | IlCrPQL |
| 082 14 - DEWEY DECIMAL CLASSIFICATION NUMBER | |
| Classification number | 599.2 |
| Edition number | 23 |
| 092 ## - LOCALLY ASSIGNED DEWEY CALL NUMBER (OCLC) | |
| Classification number | children nonfiction |
| Item number | Duling |
| 100 1# - MAIN ENTRY--PERSONAL NAME | |
| Personal name | Duling, Kaitlyn, |
| Relator term | author. |
| 245 10 - TITLE STATEMENT | |
| Title | Slow loris vs. koala / |
| Statement of responsibility, etc | Kaitlyn Duling. |
| 264 #1 - Production, Publication, Distribution, Manufacture, and Copyright Notice. | |
| Place of production, publication, distribution, manufacture | Mankato, MN : |
| Name of producer, publisher, distributor, manufacturer | Black Rabbit Books, |
| Date of production, publication, distribution, manufacture, or copyr | 2022. |
| 300 ## - PHYSICAL DESCRIPTION | |
| Extent | 24 pages : |
| Other physical details | color illustrations ; |
| Dimensions | 24 cm. |
| 336 ## - Content Type | |
| Content type term | text |
| 337 ## - Media type | |
| Media type term | unmediated |
| 338 ## - Carrier type | |
| Carrier type term | volume |
| 490 1# - SERIES STATEMENT | |
| Series statement | Hi Jinx. Versus. |
| 504 ## - BIBLIOGRAPHY, ETC. NOTE | |
| Bibliography, etc | Includes bibliographical references and index. |
| 520 ## - SUMMARY, ETC. | |
| Summary, etc | Climb into the ring, and see if the big-eyed slow loris can stand up to the fuzzy koala. At first glance, it doesn't seem like much of a match-up. But each animal has some amazing features and adaptations. Readers will soon learn that there's a lot more to discuss than just size. From their relative strength to their predator protections, readers will love discovering information about these popular animals through humor and narrative nonfiction text. This is a high-interest topic perfect for all students, but it will be especially engaging for struggling or reluctant readers. Discussion questions are included for further conversation and debate. A table of contents, glossary with pronunciations, further resources, and an index enhance comprehension for developing readers. |
| 521 2# - TARGET AUDIENCE NOTE | |
| Target audience note | 456. |
| 521 8# - TARGET AUDIENCE NOTE | |
| Target audience note | O |
| Source | Fountas and Pinnell. |
| 526 8# - STUDY PROGRAM INFORMATION NOTE | |
| Program name | Accelerated Reader AR |
| Reading level | 3.0 |
| Title point value | 0.5 |
| Public note | 513979. |
| 650 #0 - SUBJECT ADDED ENTRY--TOPICAL TERM | |
| Topical term or geographic name as entry element | Koala |
| Form subdivision | Juvenile literature. |
| 9 (RLIN) | 5767231 |
| 650 #1 - SUBJECT ADDED ENTRY--TOPICAL TERM | |
| Topical term or geographic name as entry element | Koalas. |
| 9 (RLIN) | 6305356 |
| 830 #0 - SERIES ADDED ENTRY--UNIFORM TITLE | |
| Uniform title | Hi jinx. |
| Name of part/section of a work | Versus. |
| 9 (RLIN) | 6557564 |
| 942 ## - ADDED ENTRY ELEMENTS (KOHA) | |
| Source of classification or shelving scheme | Dewey Decimal Classification |
| Koha item type | BOOK |
| Withdrawn status | Lost status | Source of classification or shelving scheme | Damaged status | Not for loan | Collection code | Home library | Current library | Shelving location | Date acquired | Source of acquisition | Total Checkouts | Total Renewals | Full call number | Barcode | Checked out | Date last seen | Date checked out | Cost, replacement price | Price effective from | Koha item type |
|---|---|---|---|---|---|---|---|---|---|---|---|---|---|---|---|---|---|---|---|---|
| Dewey Decimal Classification | Children NonFiction | Wasatch County Library | Wasatch County Library | Main Floor Childrens Area | 12/12/2025 | Libraria | 1 | 2 | E Animals Duling | 34301002005694 | 04/25/2026 | 02/24/2026 | 02/24/2026 | 34.98 | 12/12/2025 | BOOK |
